书目信息 |
| 题名: |
学校管理心理学
|
|
| 作者: | 熊川武 著 | |
| 分册: | ||
| 出版信息: | 上海 华东师范大学出版社 1996 |
|
| 页数: | 372页 | |
| 开本: | 20cm | |
| 丛书名: | ||
| 单 册: | ||
| 中图分类: | G47 , B84 | |
| 科图分类: | ||
| 主题词: | 心理学--管理心理学 | |
| 电子资源: | ||
| ISBN: | 7-5617-1561-7 | |
| 000 | 00586n|m0 2200217 450 | |
| 001 | 1533848210 | |
| 005 | 20150126092454.18 | |
| 010 | @a7-5617-1561-7@dCNY10.60 | |
| 100 | @a20021005d1996 em y0chiy0110 ea | |
| 101 | 0 | @achi |
| 102 | @aCN@b310000 | |
| 105 | @ay z 000yy | |
| 200 | 1 | @a学校管理心理学@9xue xiao guan li xin li xue@f熊川武著 |
| 210 | @a上海@c华东师范大学出版社@d1996 | |
| 215 | @a372页@d20cm | |
| 606 | 0 | @a心理学@x管理心理学 |
| 690 | @aG47@v5 | |
| 690 | @aB84@v4 | |
| 701 | 0 | @a熊川武@9xiong chuan wu@4著 |
| 801 | 0 | @aCN@bTSSF@c20150126 |
| 905 | @aZUCC@dB84@eJY490 | |
| 学校管理心理学/熊川武著.-上海:华东师范大学出版社,1996 |
| 372页;20cm |
| ISBN 7-5617-1561-7:CNY10.60 |
| ● |
| 相关链接 |
|
|
|
|
正题名:学校管理心理学
索取号:B84/JY490
 
预约/预借
| 序号 | 登录号 | 条形码 | 馆藏地/架位号 | 状态 | 备注 |
| 1 | 7858093 | 278580938 | 学院路分馆/ [索取号:B84/JY490] | 在馆 | |
| 2 | 7858094 | 278580947 | 学院路分馆/ [索取号:B84/JY490] | 在馆 | |
| 3 | 7858095 | 278580956 | 学院路分馆/ [索取号:B84/JY490] | 在馆 | |
| 4 | 7858096 | 278580965 | 学院路分馆/ [索取号:B84/JY490] | 在馆 | |
| 5 | 7858097 | 278580974 | 学院路分馆/ [索取号:B84/JY490] | 在馆 | |
| 6 | 7858098 | 278580983 | 学院路分馆/ [索取号:B84/JY490] | 在馆 | |
| 7 | 7858099 | 278580992 | 学院路分馆/ [索取号:B84/JY490] | 在馆 |